[Event "69th GRE-ch 2019"]
[Site "Thessaloniki"]
[Date "2019.11.26"]
[Round "7.5"]
[White "Kourkoulos-Arditis, Stamatis"]
[Black "Megalios, Konstantinos"]
[Result "1-0"]
[WhiteElo "2457"]
[BlackElo "2386"]
[Annotator "TA"]
[PlyCount "73"]
[EventDate "2019.11.20"]
[EventType "tourn"]
[EventCountry "GRE"]
[SourceTitle "playchess.com"]
[Source "ChessBase"]
[SourceQuality "1"]

{[%evp 18,77,24,18,16,11,33,8,24,26,28,11,42,0,25,33,56,-33,115,83,175,179,210,201,199,178,226,247,218,227,228,135,218,210,256,247,251,250,296,314,322,317,300,311,304,314,311,304,458,458,532,531,519,458,458,461,437,410,419,416,389,358]} 1. Nf3 d5 2. g3 c6 3. Bg2 Nf6 4. O-O Bg4 5. d3 Nbd7 6. h3 Bh5 7. Nbd2 e5 8. e4 dxe4 9. dxe4 Be7 10. Qe1 O-O {A07: Réti Opening: New York and Capablanca Systems} 11. a4 Qc7 12. Nh4 Rfe8 {The position is equal.} 13. Nc4 Bf8 14. Bg5 {[#]} Rad8 $146 ({Predecessor:} 14... a5 15. Kh2 Re6 16. Bd2 {½-½ (42) Aronian,L (2825)-Tomashevsky,E (2738) Moscow 2012}) 15. Kh1 h6 16. Be3 Nc5 17. b4 ({White should try} 17. a5 $14) 17... Na6 (17... Ncxe4 $15 {keeps the upper hand.} 18. g4 c5) 18. c3 $16 Nd7 (18... Qe7 $16) 19. a5 $18 ({And not} 19. Bxa7 b6 $11) 19... Qb8 20. g4 Bg6 21. f4 exf4 22. Bxf4 Qc8 23. Nxg6 fxg6 24. e5 (24. g5 $18) 24... Nc7 (24... Nf6 $16 25. Qb1 Nd5) 25. Bg3 Nb5 26. Qe4 Re6 27. Qf3 {[#] aiming for Qf7+.} Kh7 28. Rad1 Be7 29. Qf7 Nf8 30. Rxd8 Qxd8 31. Nd6 Nxd6 32. exd6 Rxd6 (32... Bxd6 $142 33. Bxd6 Qxd6) 33. Be5 {[%csl Ge5][%cal Rf7g7]} Bf6 34. Bxd6 Qxd6 35. Qxb7 Bxc3 36. Qxc6 Qxb4 {[#]} 37. Qe8 {Played: Rf1xf8} 1-0

[Event "69th GRE-ch 2019"]
[Site "Thessaloniki"]
[Date "2019.11.27"]
[Round "8.1"]
[White "Giannoulakis, Lampros"]
[Black "Megalios, Konstantinos"]
[Result "1/2-1/2"]
[WhiteElo "2227"]
[BlackElo "2386"]
[Annotator "TA"]
[PlyCount "64"]
[EventDate "2019.11.20"]
[EventType "tourn"]
[EventCountry "GRE"]
[SourceTitle "playchess.com"]
[Source "ChessBase"]
[SourceQuality "1"]

{[%evp 21,64,23,40,25,31,33,74,12,25,7,9,-16,-14,-18,8,3,6,0,0,0,0,0,0,0,0,-4,-14,-10,23,31,63,25,40,43,51,39,60,0,12,0,0,0,0,0,0]} 1. d4 Nf6 2. c4 e6 3. Nf3 Bb4+ 4. Nbd2 d6 5. a3 Bxd2+ 6. Qxd2 Nbd7 7. g3 b6 8. Bg2 Bb7 9. O-O a5 10. b3 O-O 11. Bb2 Be4 12. Rac1 {E11: Bogo-Indian} (12. Rfe1 Qe7 13. Rad1 Rfd8 14. Qc1 Rab8 15. Bf1 c5 16. Nd2 Bc6 17. e4 cxd4 18. Bxd4 e5 19. Bc3 Nc5 {1-0 (44) Dubov,D (2666)-Moskalenko,A (2531) Sochi 2017}) 12... h6 $146 ({Predecessor:} 12... c6 13. Bh3 d5 14. Ne5 dxc4 15. Nxd7 Nxd7 16. bxc4 b5 17. Qf4 Bg6 18. Bg2 Rc8 19. c5 Qc7 20. Qh4 Qd8 {0-1 (56) Petrosian,T (2558)-Zelcic,R (2514) Kusadasi 2006}) 13. Bh3 Qe7 14. Qe1 ({Better is} 14. Nh4 $16) 14... Bf5 15. Bg2 Be4 16. Nd2 Bxg2 17. Kxg2 e5 18. e4 Rae8 19. d5 Nh7 20. Qe2 f5 21. exf5 Rxf5 22. Rce1 Rf7 23. f3 Nhf6 24. Qd3 Rff8 25. f4 e4 26. Bxf6 Qxf6 27. Nxe4 Qb2+ 28. Re2 Qxa3 29. Rfe1 a4 {The position is equal.} 30. Re3 {[#] Strongly threatening Ng5.} Qxb3 31. Qxb3 axb3 32. Rxb3 Rxe4 {Accuracy: White = 55%, Black = 45%.} 1/2-1/2

[Event "69th GRE-ch 2019"]
[Site "Thessaloniki"]
[Date "2019.11.27"]
[Round "8.2"]
[White "Kanakaris, Georgios"]
[Black "Kourkoulos-Arditis, Stamatis"]
[Result "1/2-1/2"]
[WhiteElo "2395"]
[BlackElo "2457"]
[Annotator "TA"]
[PlyCount "61"]
[EventDate "2019.11.20"]
[EventType "tourn"]
[EventCountry "GRE"]
[SourceTitle "playchess.com"]
[Source "ChessBase"]
[SourceQuality "1"]

{[%evp 9,61,6,10,10,18,-19,0,-21,-12,-22,-19,-14,-13,-10,-8,-13,-20,-62,-29,-35,-14,-25,-15,-20,-9,-25,0,0,0,-69,-64,-71,-28,-30,-32,-44,-16,-15,0,0,0,0,0,-10,-5,-8,0,0,0,0,0,0,0,0]} 1. d4 g6 2. Nf3 Bg7 3. g3 c5 4. c3 Qa5 5. dxc5 (5. Nbd2 cxd4 6. Nb3 Qb6 7. Nbxd4 Nf6 8. Bg2 Nc6 9. O-O O-O 10. Qb3 Qc7 11. Qa4 Rb8 12. Nb5 Qb6 13. c4 {1-0 (37) Duda,J (2724)-Heberla,B (2570) Zgierz 2018}) 5... Qxc5 6. Bg2 {A40: Unusual replies to 1 d4} Nf6 7. Qd4 Qc7 $146 ({Predecessor:} 7... Qh5 8. Qe5 Qxe5 9. Nxe5 d6 10. Nd3 Nc6 11. Nd2 O-O 12. O-O Bd7 {½-½ (26) Schwarz,M (2390)-Horvath,C (2535) Budapest 1994}) 8. Qf4 d6 9. O-O Nc6 10. Na3 h6 11. e4 O-O 12. Rd1 a6 13. h3 b5 (13... e5 $5 {[%cal Re5f4]} 14. Qe3 Be6 $15) 14. Qe3 e5 15. c4 bxc4 16. Nxc4 Be6 17. Qb6 Rac8 18. Qxc7 Rxc7 19. Ne3 (19. Nxd6 $11 Rd8 20. Be3) 19... Nxe4 $15 20. Ne1 Nf6 21. Rxd6 e4 22. Bd2 Ne8 23. Nd5 {[#] Hoping for Rxe6.The position is equal.} Nxd6 24. Nxc7 Bc4 25. Bf4 Rd8 26. Bxd6 Rxd6 27. Ne8 $1 {[%cal Re8d6]} Rd4 28. Nxg7 Kxg7 29. Nc2 Rd2 30. Bxe4 Ne5 {[#] White must now prevent ...f5.} 31. Ne3 {Accuracy: White = 52%, Black = 76%.} 1/2-1/2

[Event "69th GRE-ch 2019"]
[Site "Thessaloniki"]
[Date "2019.11.27"]
[Round "8.3"]
[White "Ioannidis, Evgenios"]
[Black "Mitsis, Georgios"]
[Result "1/2-1/2"]
[WhiteElo "2379"]
[BlackElo "2348"]
[Annotator "TA"]
[PlyCount "117"]
[EventDate "2019.11.20"]
[EventType "tourn"]
[EventCountry "GRE"]
[SourceTitle "playchess.com"]
[Source "ChessBase"]
[SourceQuality "1"]

{[%evp 25,117,43,41,22,27,28,32,34,54,75,60,9,14,10,32,32,32,32,32,32,35,35,38,37,101,101,108,106,157,144,163,151,143,147,145,138,136,141,123,112,134,120,127,122,98,55,53,62,51,50,58,0,0,0,0,0,0,0,0,0,55,0,0,0,8,8,8,16,11,10,8,8,8,8,8,8,8,0,0,0,0,0,0,0,0,0,0,0,0,0,0,0,0,-2]} 1. d4 Nf6 2. c4 e6 3. Nf3 d5 4. Nc3 Nbd7 5. g3 c6 6. Bg2 Be7 7. O-O O-O 8. b3 b6 9. Bf4 Nh5 10. Bc1 Nhf6 11. Qc2 Bb7 12. Rd1 Rc8 13. e4 dxe4 14. Ne5 {E08: Closed Catalan: Main Line: 7 Qc2} c5 15. dxc5 Bxc5 {[#]} 16. Bg5 $146 {White is slightly better.} ({Predecessor:} 16. Nxd7 Nxd7 17. Nxe4 Qc7 18. Ng5 Nf6 19. Bb2 h6 20. Bxf6 hxg5 21. Bxg5 Bxg2 22. Kxg2 {1-0 (31) Gurevich,D (2545)-Read,R USA 1994}) 16... Qc7 17. Nxd7 Nxd7 18. Nxe4 (18. Nb5 $14 Qe5 19. Bf4) 18... Bxe4 $11 19. Qxe4 h6 20. Bf4 Nf6 $1 {[%cal Rf6e4]} 21. Bxc7 Nxe4 22. Bxb6 axb6 23. Bxe4 f5 24. Bf3 $36 {[%mdl 2048] White is more active.} e5 (24... Rcd8 $14) 25. Bd5+ $16 Kh8 26. a3 h5 (26... Rc7 $142) 27. Ra2 Rf6 28. Kg2 g5 29. b4 Bd4 30. f4 gxf4 31. gxf4 Rg6+ 32. Kh3 Rc7 33. Re2 Ra7 34. Rd3 exf4 35. Re8+ Kh7 36. Be6 (36. Rxd4 {leads to mate.} Rxa3+ 37. Rd3 Rxd3+ 38. Re3 Rxe3+ 39. Bf3 Rg4 40. c5 Rxf3#) 36... Rg5 $1 37. Rd8 Be3 38. R8d7+ (38. R8d5 $14) 38... Rxd7 $11 39. Bxd7 {[%mdl 4096] Endgame KRB-KRB} Kg6 40. Rd6+ Kg7 41. Bc6 Rg1 42. Kh4 Ra1 (42... Rf1 $11) 43. Rd3 ({White should try} 43. Kxh5 $14 Rxa3 44. Rg6+ Kf7 45. Bd5+ Ke7 46. Re6+ Kd7 47. Re5) 43... Kf6 {The position is equal.} 44. Kxh5 Ra2 {[%cal Ra2h2] [#]} 45. h4 Rc2 46. Rd6+ Ke7 47. Rd7+ Kf6 48. Bd5 f3 $1 {[%cal Rf3f2]} 49. Rf7+ Ke5 {[#] White must now prevent ...f2.} 50. Bxf3 {And now Kg6 would win.} Rxc4 51. Kg6 Rxh4 52. Rxf5+ Kd4 53. Rd5+ Kc4 54. Rd7 {aiming for Be2+.} Rd4 55. Rc7+ Kb3 56. b5 Bf2 57. Ra7 Be1 58. Ra6 Ba5 59. Kf5 {Accuracy: White = 67%, Black = 66%.} 1/2-1/2

[Event "69th GRE-ch 2019"]
[Site "Thessaloniki"]
[Date "2019.11.27"]
[Round "8.4"]
[White "Malikentzos, Sotirios"]
[Black "Papadopoulos, Georgios"]
[Result "1-0"]
[WhiteElo "2432"]
[BlackElo "2378"]
[Annotator "TA"]
[PlyCount "111"]
[EventDate "2019.11.20"]
[EventType "tourn"]
[EventCountry "GRE"]
[SourceTitle "playchess.com"]
[Source "ChessBase"]
[SourceQuality "1"]

{[%evp 15,111,9,14,10,25,29,32,37,42,45,84,79,86,74,78,83,93,80,94,31,21,-6,-22,0,74,53,23,-18,104,111,137,118,172,169,136,127,129,113,157,116,98,31,22,0,-1,-40,0,0,0,0,0,0,0,0,2,0,419,418,358,268,268,173,268,268,268,268,268,268,260,260,729,172,181,183,181,177,5073,5057,870,70,229,221,1287,170,595,360,29978,29979,29978,29968,29967,6111,6095,6095,29969,29972,29982,29983]} 1. Nf3 Nf6 2. g3 g6 3. Bg2 Bg7 4. c4 O-O 5. d4 d6 6. O-O Nc6 7. d5 Na5 8. Na3 c5 $1 9. Re1 {E60: King's Indian: Unusual lines and Fianchetto Variation without Nc3} Bf5 $146 ({Predecessor:} 9... a6 10. e4 e5 11. Rb1 b6 12. Nd2 Bh6 13. b3 Bd7 14. Bb2 b5 15. Rf1 Nh5 16. Qe2 b4 {1-0 (34) Markos,J (2572)-Mazur,S (2446) Austria 2016}) 10. Ng5 a6 11. e4 {White is slightly better.} Bg4 12. f3 h6 13. e5 dxe5 14. Nxf7 Rxf7 15. fxg4 e4 16. Bd2 b5 17. b3 (17. cxb5 $16 axb5 18. Nxb5) 17... Nb7 $1 $14 18. cxb5 axb5 19. Nxb5 Qd7 (19... Nxd5 $11 20. a4 (20. Rxe4 Qb6 $11) (20. Bxe4 Bxa1 21. Qxa1 Nf6 $17) 20... Bxa1 21. Qxa1 c4 $1 {[%mdl 512]} 22. bxc4 (22. Bxe4 Nf6 $15) 22... Nf6) 20. a4 Nxg4 21. Bh3 h5 (21... Qxd5 22. Bf4 $16) (21... Bxa1 $11 {keeps the balance.} 22. Bxg4 Qxd5) 22. Bc3 $16 Bxc3 23. Nxc3 Nd6 (23... Qf5 $16 {might work better.} 24. Nxe4 Nd6) 24. Nxe4 $18 Qf5 25. Bxg4 hxg4 26. Qe2 Raf8 27. Nxd6 exd6 28. Rad1 (28. Ra2 $16) 28... Re7 $14 29. Qg2 Qd3 30. Rf1 Rxf1+ 31. Qxf1 Qxb3 $15 {[%mdl 4096] Endgame KQR-KQR} 32. a5 c4 33. a6 Qb6+ 34. Kh1 Qxa6 {aiming for ...Qc8.} 35. Qf6 Rf7 $2 {[%mdl 8192]} (35... Rg7 $11) 36. Qxg6+ $18 {[%mdl 64] Double Attack} Kf8 37. Qh6+ ({Stronger than} 37. Qxg4 c3 $11) 37... Kg8 38. Qg5+ Rg7 (38... Kh7 $142) 39. Qd8+ Kh7 40. Re1 {Threatening mate with Qh4+.} Qb5 {[#]} 41. Qh4+ $1 (41. Qxd6 Rd7 $11) 41... Kg8 42. Qh5 {Hoping for Re8+.} Kf8 $2 (42... Rf7 43. Qg6+ (43. Qxg4+ Kh7 $16) 43... Kf8) 43. Qf5+ $2 (43. Ra1 {White wants to mate with Ra8+.} Qd7 44. Ra8+ Ke7 45. h4 gxh3 46. Kh2) 43... Kg8 44. Qe6+ Kh7 45. Qe4+ ({And not} 45. Qxd6 Rd7 $11) 45... Kg8 $2 (45... Kh8 46. Qf5 Kg8) 46. Rb1 Qd7 47. Qxc4 $2 (47. Rb8+ $18 Kf7 48. Rh8) 47... Rf7 $2 (47... Qf5 $14 48. Rf1 Rc7) 48. Rb4 Rg7 $2 (48... Kh7 49. Qxg4 Qxg4 50. Rxg4 Rf1+ 51. Kg2 Rd1) 49. Qe4 $2 (49. Rb8+ Kh7 50. Qe4+ Kh6 51. h4 gxh3 52. Rh8+ Rh7 53. Re8) 49... Qa7 $2 (49... Qc8 {is more resistant.}) 50. Ra4 Qd7 $2 (50... Qb8 $18 51. Rc4 Qf8 52. Qe6+ Kh7) 51. Ra8+ Kf7 52. Qf4+ Kg6 53. Ra6 Kh7 54. Rxd6 Qc8 55. Rc6 Qb7 56. Qf5+ {Accuracy: White = 53%, Black = 32%.} 1-0

[Event "69th GRE-ch 2019"]
[Site "Thessaloniki"]
[Date "2019.11.27"]
[Round "8.5"]
[White "Koutoukidis, Panagiotis"]
[Black "Kalogeris, Ioannis"]
[Result "0-1"]
[WhiteElo "2412"]
[BlackElo "2330"]
[Annotator "TA"]
[PlyCount "90"]
[EventDate "2019.11.20"]
[EventType "tourn"]
[EventCountry "GRE"]
[SourceTitle "playchess.com"]
[Source "ChessBase"]
[SourceQuality "1"]

{[%evp 9,136,13,27,27,20,19,20,31,26,-25,16,8,10,0,8,0,36,20,34,19,19,28,25,13,31,0,33,-10,-12,-29,-22,-48,-15,-21,-20,-22,-25,-20,-16,-23,-21,-24,-13,-12,0,-4,0,-7,-7,-10,-10,-10,-10,-43,-38,-27,-44,-42,-46,-38,-38,-29,-50,-58,-50,-94,-95,-94,-94,-94,-94,-125,-122,-143,-136,-127,-97,-101,-88,-97,-68,-68,-52,-97,-79,-91,-91,-79,-80,-80,-79,-80,-84,-203,-205,-697,-1072,-1069,-1062,-997,-818,-961,-866,-610,-499,-1129,-1129,-1066,-465,-29962,-29962,-29964,-459,-29964,-29966,-29964,-29966,-29966,-29966,-29965,-29962,-29951,-29950,-29974,-29975,-29989,-29988,-29988,-29988]} 1. e4 e5 2. Nf3 Nc6 3. Nc3 Nf6 4. Bb5 Bd6 5. O-O O-O 6. d3 {C48: Four Knights: 4 Bb5, replies other than 4...Bb4} a6 7. Ba4 h6 8. a3 {The position is equal.} Re8 9. Ne2 (9. Be3 $142) (9. h3 Bf8 10. Be3 d6 11. Bb3 Be6 12. Bxe6 Rxe6 {½-½ (30) Nepomniachtchi,I (2776)-Tomashevsky,E (2718) Khanty-Mansiysk 2019}) 9... b5 10. Bb3 Bf8 11. Ng3 d6 12. Re1 $146 ({Predecessor:} 12. c3 Be6 13. Bxe6 Rxe6 14. d4 {½-½ (36) Salgado Lopez,I (2630)-Pavasovic,D (2578) Spoleto 2011}) 12... g6 13. h3 Be6 14. Bxe6 Rxe6 15. c3 d5 16. Qc2 Qd7 17. Be3 Na5 18. d4 exd4 19. Nxd4 (19. cxd4 {looks sharper.} dxe4 20. Ne5 Qe8 21. Bd2 Nc4 22. Nxc4 bxc4 23. Qxc4 Rd8 24. Ne2) 19... Ree8 {[%cal Rf6e4]} 20. Bf4 Nxe4 (20... g5 $5 {[%cal Rg5f4]} 21. Be3 Nxe4 $15) 21. Nxe4 Rxe4 22. Rxe4 dxe4 23. Qxe4 Re8 24. Qc2 c5 25. Nf3 Qd5 26. Rd1 Qc4 27. Be3 Qa4 28. Qb1 Qb3 29. Nd2 Qd5 30. b4 Nc4 31. Nb3 Nxa3 32. Rxd5 Nxb1 33. bxc5 Nxc3 34. Rd7 Rc8 35. Ra7 $1 Nd5 36. Bd4 Nb4 37. Bc3 Nd3 38. Rxa6 Nxc5 39. Nxc5 Rxc5 $17 {[%mdl 4096] Endgame KRB-KRB} 40. Bf6 Bg7 41. Bxg7 Kxg7 {KR-KR} 42. Rb6 h5 43. g3 Kf8 44. Rb7 Ke8 45. Kg2 h4 {Played: Rc5-g5} 0-1

[Event "69th GRE-ch 2019"]
[Site "Thessaloniki"]
[Date "2019.11.28"]
[Round "9.1"]
[White "Kalogeris, Ioannis"]
[Black "Giannoulakis, Lampros"]
[Result "1/2-1/2"]
[WhiteElo "2330"]
[BlackElo "2227"]
[Annotator "TA"]
[PlyCount "66"]
[EventDate "2019.11.20"]
[EventType "tourn"]
[EventCountry "GRE"]
[SourceTitle "playchess.com"]
[Source "ChessBase"]
[SourceQuality "1"]

{[%evp 11,66,11,17,0,17,8,4,0,0,-22,-11,-8,0,-12,0,-11,3,-52,-53,-68,-44,-47,-18,-22,-22,-16,-9,-66,-69,-53,-25,-141,-41,-66,-32,-97,14,0,0,0,0,0,0,0,0,0,0,-48,0,0,6,-120,0,0,351,352,339]} 1. e4 c5 2. Nf3 d6 3. d4 Nf6 4. Nc3 cxd4 5. Nxd4 a6 6. g3 e5 7. Nf3 {B91: Sicilian Najdorf: 6 g3} (7. Nde2 Be7 8. Bg2 O-O 9. O-O b5 10. Nd5 Nxd5 11. Qxd5 Ra7 12. Be3 Rb7 13. Qd2 Nd7 14. Nc3 Nf6 15. Bg5 Be6 16. Bxf6 Bxf6 17. Nd5 Bg5 {½-½ (43) Vitiugov,N (2732)-Yu,Y (2763) Khanty-Mansiysk 2019}) 7... Be7 8. Nh4 O-O 9. Ng2 $146 {The position is equal.} ({Predecessor:} 9. Bg2 Bg4 10. Qd2 g6 11. h3 Bd7 12. O-O Bc6 13. a4 Nbd7 14. Rd1 b5 {1-0 (88) Bartel,M (2612)-Moranda,W (2597) Katowice 2019}) 9... Bg4 10. f3 Be6 11. Ne3 Nbd7 12. Ncd5 b5 13. a4 Nb6 $36 {[%mdl 2048] Black has the initiative.} 14. a5 (14. Nxf6+ $11 Bxf6 15. axb5 axb5 16. Rxa8 Qxa8 17. Bd3 (17. Qxd6 Qa1 $11)) 14... Nbxd5 $15 15. exd5 Bd7 16. c3 Ne8 17. Nc2 f5 18. Nb4 Nf6 19. Be2 {[#]} (19. Bd3 $11) 19... f4 $1 {[%mdl 512]} 20. Bd3 (20. gxf4 Nh5) 20... Qc8 21. Kd2 {[#]} (21. gxf4 $11 Qc5 22. Qd2) 21... Qc5 ({Black should try} 21... Bf5 $1 $17 22. Kc2 e4 23. fxe4 Nxe4) 22. Kc2 Kh8 23. gxf4 (23. Qg1 $15) 23... exf4 (23... Nxd5 $17 24. Nxd5 Qxd5) 24. Re1 Ng8 25. Re4 Bg5 $1 26. h4 Qf2+ 27. Re2 Qxh4 28. Qg1 {aiming for Rh2.} Bh6 $1 29. Qb6 {[%mdl 64] Double Attack} Qh1 30. Qxd6 Bh3 31. Nc6 (31. Nxa6 $11 {remains equal.} Rf6 32. Re6 Qxf3 33. Nc5 Bxe6 34. dxe6) 31... Bf1 (31... Qxf3 $17 {Threatens to win with ...Bf5.} 32. Ne5 Qh5) 32. Bd2 $11 {Strongly threatening Rxf1.} Qh3 $2 {[%mdl 8192]} (32... Qxf3 $11 {and Black stays safe.} 33. Nd4 (33. Ne5 Qh3 $11) 33... Qh3 34. Rxf1 Qxf1) 33. Rxf1 $1 $18 Qxf1 {[%mdl 32768] Accuracy: White = 34%, Black = 46%. . An unexpected result.} 1/2-1/2

[Event "69th GRE-ch 2019"]
[Site "Thessaloniki"]
[Date "2019.11.28"]
[Round "9.2"]
[White "Papadopoulos, Georgios"]
[Black "Koutoukidis, Panagiotis"]
[Result "1/2-1/2"]
[WhiteElo "2378"]
[BlackElo "2412"]
[Annotator "TA"]
[PlyCount "82"]
[EventDate "2019.11.20"]
[EventType "tourn"]
[EventCountry "GRE"]
[SourceTitle "playchess.com"]
[Source "ChessBase"]
[SourceQuality "1"]

{[%evp 22,82,0,0,0,0,0,0,0,0,0,-10,-1,-7,0,-26,0,0,0,0,0,-4,0,0,0,-19,0,0,0,-3,-10,-5,0,-6,9,9,9,7,8,8,6,6,12,6,16,12,35,10,43,43,27,27,51,28,28,35,70,4,8,0,0,0,50]} 1. d4 Nf6 2. c4 e6 3. Nc3 Bb4 4. e3 O-O 5. Bd3 c5 6. Nf3 d5 7. O-O cxd4 8. exd4 dxc4 9. Bxc4 b6 10. Re1 Bb7 11. Bd3 Nbd7 12. Bg5 Rc8 {E54: Nimzo-Indian: Rubinstein: Main Line: 7...dxc4 8 Bxc4} 13. Rc1 h6 14. Bh4 Be7 (14... a6 15. Qe2 b5 16. Ne5 Be7 17. Bg3 b4 18. Na4 Nxe5 19. dxe5 Nd5 20. Bxa6 Bxa6 21. Qxa6 {½-½ (33) Korobov,A (2692)-Anand,V (2779) Doha 2016}) 15. Bb1 Re8 16. Qd3 Nf8 17. Ne5 Nd5 18. Bg3 Bb4 19. Red1 f5 $146 {[#] White must now prevent ...f4.} ({Predecessor:} 19... Nxc3 20. bxc3 Ba3 {½-½ (72) Tinture,L (2452)-Joppich,U (2472) ICCF email 2016}) 20. Nxd5 Qxd5 {[%csl Gb7][%cal Rd5g2]} 21. f3 Rxc1 22. Rxc1 Rd8 23. Rd1 Bc5 {[%cal Rc5d4]} 24. Bf2 Bd6 25. Bc2 Bxe5 ({Much worse is} 25... Qxa2 $6 26. Bb3 $16) 26. dxe5 {[#] aiming for Qe2.} Qxd3 27. Rxd3 Rxd3 (27... Bd5 {keeps more tension.} 28. Be3 g5 29. f4 Ng6 30. g3 gxf4 31. gxf4 Rd7) 28. Bxd3 $11 {[%mdl 4096] Endgame KBB-KBN} g5 29. a4 Ng6 30. Bd4 Bc6 31. Bc2 Kf7 32. b4 {[%cal Bb2b4,Bb4b5][%mdl 32]} h5 33. Kf2 g4 34. b5 Bb7 35. fxg4 hxg4 36. Kg3 Ne7 37. h3 gxh3 38. gxh3 Kg6 39. Bd1 ({White should play} 39. a5 $14) 39... Be4 {The position is equal.} 40. Bb3 Bd5 41. Bd1 Bc4 {Accuracy: White = 59%, Black = 52%.} 1/2-1/2

[Event "69th GRE-ch 2019"]
[Site "Thessaloniki"]
[Date "2019.11.28"]
[Round "9.3"]
[White "Mitsis, Georgios"]
[Black "Malikentzos, Sotirios"]
[Result "1/2-1/2"]
[WhiteElo "2348"]
[BlackElo "2432"]
[Annotator "TA"]
[PlyCount "62"]
[EventDate "2019.11.20"]
[EventType "tourn"]
[EventCountry "GRE"]
[SourceTitle "playchess.com"]
[Source "ChessBase"]
[SourceQuality "1"]

{[%evp 13,62,0,0,0,0,0,5,0,0,-27,-5,-11,4,5,8,7,0,0,0,0,0,10,8,0,0,0,9,16,85,0,0,0,0,0,0,-16,0,0,0,-16,-16,-16,-16,-16,-16,-16,-16,-16,-16,-16,-17]} 1. d4 d5 2. Nf3 Nf6 3. c4 e6 4. g3 Be7 5. Bg2 O-O 6. O-O dxc4 7. Qc2 b5 8. a4 {E05: Open Catalan: 5 Nf3 Be7} b4 9. Nbd2 Bb7 10. Nxc4 c5 11. Bg5 {[#] aiming for Bxf6.} (11. Rd1 Be4 12. Qb3 Nc6 13. dxc5 Na5 14. Nxa5 Qxa5 15. Ne5 Rac8 16. Bf4 Bxc5 17. Rac1 Bxg2 18. Kxg2 Qa6 19. Rc2 Bd6 20. Nd7 Rxc2 21. Qxc2 Rc8 22. Nxf6+ {½-½ (22) Yu,Y (2736)-Grischuk,A (2766) Riga 2019}) 11... Be4 $146 ({Predecessor:} 11... Nbd7 12. dxc5 {½-½ (12) Adamski,J (2322)-Jarmula,L (2149) Warsaw 2012}) 12. Qd2 cxd4 13. Qxd4 {Strongly threatening Bxf6.} Nc6 14. Qxd8 Rfxd8 15. Nfe5 $36 {[%mdl 2048] White is pushing.} Bxg2 16. Kxg2 Nxe5 17. Nxe5 h6 18. Be3 Nd5 19. Nc6 Nxe3+ 20. fxe3 Re8 (20... Rd7 $1 $11) 21. Nxe7+ (21. Rac1 $16) 21... Rxe7 $16 {[%mdl 4096] Endgame KRR-KRR. The position is equal.} 22. Rf4 a5 23. Rc1 Rd7 24. Kf2 e5 25. Rfc4 Rd2 26. Rc8+ Rxc8 27. Rxc8+ Kh7 28. Rc5 f6 29. Rxa5 Rxb2 30. Rb5 b3 31. a5 Ra2 {Accuracy: White = 57%, Black = 54%.} 1/2-1/2

[Event "69th GRE-ch 2019"]
[Site "Thessaloniki"]
[Date "2019.11.28"]
[Round "9.4"]
[White "Kourkoulos-Arditis, Stamatis"]
[Black "Ioannidis, Evgenios"]
[Result "1/2-1/2"]
[WhiteElo "2457"]
[BlackElo "2379"]
[Annotator "TA"]
[PlyCount "61"]
[EventDate "2019.11.20"]
[EventType "tourn"]
[EventCountry "GRE"]
[SourceTitle "playchess.com"]
[Source "ChessBase"]
[SourceQuality "1"]

{[%evp 23,61,15,25,3,5,4,12,-20,0,0,12,0,15,10,41,-312,-49,-43,-33,-43,-35,-40,-38,-47,-49,-50,-50,-50,-47,-53,-53,-98,0,0,0,0,0,0,0,0]} 1. Nf3 Nf6 2. c4 g6 3. g3 Bg7 4. Bg2 O-O 5. d4 d6 6. Nc3 Nbd7 7. O-O e5 8. e4 exd4 9. Nxd4 Re8 10. Re1 Nc5 11. h3 Bd7 12. Bf4 h6 13. Qc2 {E68: King's Indian: Fianchetto: 6...Nbd7 7 0-0 e5 8 e4} (13. Nb3 Na4 14. Bd2 Nxb2 15. Qe2 Na4 16. Rab1 Nxc3 17. Bxc3 Rb8 18. c5 dxc5 19. Nxc5 Bc6 20. Qb2 b6 {1-0 (50) Yu,Y (2750)-Ganguly,S (2665) Ashkhabad 2017}) 13... Nfxe4 14. Nxe4 Bxd4 15. Rad1 {[#]} Bg7 $146 ({Predecessor:} 15... Nxe4 16. Rxd4 Ng5 17. Rxe8+ Qxe8 18. Be3 Bc6 19. h4 Ne6 20. Bd5 Bxd5 21. Rxd5 {½-½ (56) Gabuzyan,H (2517)-Ganguly,S (2626) Moscow 2013}) 16. Nxc5 dxc5 17. Bxb7 {[#] Hoping for Rxe8+.} Rb8 18. Bd5 $1 g5 19. Qg6 $2 {[%mdl 8192]} (19. Be3 $14 {keeps the upper hand.}) 19... Rxe1+ $2 ({Better is} 19... Kh8 $19 20. Rxe8+ Bxe8 21. Bxg5 fxg6 22. Bxd8 Rxd8) 20. Rxe1 $15 Qf6 $36 {[%mdl 2048] Black has good play.} 21. Qxf6 Bxf6 22. Bc1 c6 23. Bg2 Bxb2 24. Re7 {Bxb2 is the strong threat.} Be6 25. Bxb2 Rxb2 26. Rxa7 Bxc4 {KRB-KRB} 27. Ra5 Rxa2 (27... Bb5 $17 {aiming for ...c4.} 28. Ra8+ Kg7) 28. Rxc5 $11 {[%mdl 64] Double Attack. The position is equal.} Ra1+ 29. Kh2 {[#]} Bd5 $1 {[%mdl 512]} 30. Bxd5 cxd5 31. Rxd5 {Accuracy: White = 28%, Black = 41%.} 1/2-1/2